Cuentos, mitos y leyendas patagónicos /

El relato de leyendas populares en nuestro país, y especialmente en la Patagonia, ha estado, desde muy antiguo, polarizado entre dos extremos: su conservación de generación en generación en forma oral, a la que muy poca gente tenía acceso, o su recopilación por escritores de alto vuelo intelectual,...

Descripción completa

Guardado en:
Autor Principal: Montes, Nahuel.
Otros Autores: Castro, Juan Lucas; il.
Formato: Libro
Idioma:Undetermined
Publicado: Buenos Aires : Continente, 2014.
Edición:1a ed.
Materias:
Etiquetas: Agregar Etiqueta
Sin Etiquetas, Sea el primero en etiquetar este registro!
LEADER 02268nam a22002415a 4500
001 CEM.cems021294
008 240710s2014####ag############000#0#und#d
005 20240710143842.0
245 1 0 |a Cuentos, mitos y leyendas patagónicos /  |c Selección y prólogo de Nahuel Montes ; ilustrado por Juan Lucas Castro. 
250 |a 1a ed. 
260 |a Buenos Aires :  |b Continente,  |c 2014. 
300 |a 128 p. 
505 0 |a A modo de introducción -- Acerca de este libro -- Dioses y demonios -- Los espíritus del bosque -- Threu-Threu y Kai-Kai -- La virgen y el Cherüfe -- La hechicera rubia del Domuyo -- La historia sin tiempo -- Cuentos de animales -- La penitencia de Chi'hi -- Ñañé Karuhuillki y su nidada -- El origen de pinshá, el colibrí -- El secreto de la vida, el secreto de la muerte -- Árboles y plantas -- Ketri, el arrayán -- Kiñillhué, la doncella de hielo -- El árbol de la vida -- Leyendas de lugares -- El nacimiento de Shehuen -- La furia del Lanín -- El pillañ de Traljkañ Kalel -- La creación y los tehuelches -- El'Al y Teluj -- Kóoch y la creación del mundo -- Los Seres de la Luz y los Espíritus de la Oscuridad -- La asamblea de los animales -- El zorrino, el puma y el cóndor -- Glosario 
520 |a El relato de leyendas populares en nuestro país, y especialmente en la Patagonia, ha estado, desde muy antiguo, polarizado entre dos extremos: su conservación de generación en generación en forma oral, a la que muy poca gente tenía acceso, o su recopilación por escritores de alto vuelo intelectual, que las condimentan con su estilo propio, en un esfuerzo por transformarlas en piezas "literarias" o "poéticas", perdiendo de vista su representatividad folklórica y su alcance popular. Teniendo en cuenta estas circunstancias y respetando los loables (y escasos) esfuerzos que se han hecho en este sentido, este libro intenta superar esos extremos, al poner al alcance de todos este valioso testimonio de la cultura popular. 
020 |a 9789507545054 
100 1 |a Montes, Nahuel. 
700 1 |a Castro, Juan Lucas; il. 
653 |a Mitos 
653 |a Mitos argentinos 
653 |a Leyendas 
653 |a Leyendas argentinas 
653 |a Patagonia 
859 |a CEMS  |b BIB. CEMS - Inicial y Primaria  |h 398.2  |i M764  |k IP  |p 5561  |t Ej.1